Ivanhoe

Zapisane w:
Opis bibliograficzny
1. autor: Scott, Walter, Sir, 1771-1832 (Autor)
Format: Książka
Język:hiszpański
Wydane: Santiago Portada 1980
Seria:Colección Portada, 8
Hasła przedmiotowe:
Etykiety: Dodaj etykietę
Nie ma etykietki, Dołącz pierwszą etykiete!

MARC

LEADER 00000nam a2200000 a 4500
001 UCH5542
003 CL-VaPUC
008 091014e19800000CL |||||||||||||||||spa|d
082 0 4 |a 823  |b SCO  |2 21 
100 |a Scott, Walter, Sir,  |d 1771-1832  |e author  |9 514576 
245 1 0 |a Ivanhoe 
300 |a 192 p 
942 |c BK 
945 |d 20091014 00:00:00  |a ccalabra 
260 |a Santiago  |b Portada  |c 1980 
650 0 |a Literatura  |9 259151 
650 0 |a Literatura inglesa  |9 312907 
650 0 |a Novelas inglesas  |9 265220 
650 0 |a Narrativa  |9 336727 
650 0 |a Escritores ingleses  |9 389424 
650 0 |a Ficción   |9 376687 
650 0 |a Lectura  |9 307634 
651 0 |a Inglaterra  |9 255158 
583 |a last modification  |c 20091014 00:00:00  |k Rodrigo Vera 
490 0 |a Colección Portada, 8 
999 |c 336668  |d 336666